| 000 | 00000nas 2200000za 4500 |
| 001 | 9.506973 |
| 003 | CaOODSP |
| 005 | 20240215150447 |
| 007 | cr ||||||||||| |
| 008 | 150406d20012001oncar p o||||f| |0eng|d |
| 022 | |a1702-5214 |
| 040 | |aCaOODSP|beng |
| 043 | |an-cn--- |
| 086 | 1 |aJS82-17E-PDF |
| 110 | 2 |aCorrectional Service Canada. |
| 245 | 10|aBasic facts about federal corrections |h[electronic resource] / |cCorrectional Service Canada. |
| 260 | |aOttawa : |bSolicitor General Canada |
| 310 | |aAnnual |
| 362 | 0 |a2001 ed. |
| 690 | 07|aStatistics|2gcpds |
| 690 | 07|aFederal institutions|2gcpds |
| 690 | 07|aCorrectional institutions|2gcpds |
| 775 | 08|tFaits et chiffres sur le service correctionnel fédéral |w(CaOODSP)9.503368 |
| 785 | 00|tBasic facts about the Correctional Service of Canada |w(CaOODSP)9.506974 |